| 000 | 00708nas a2200229 i 4500 | ||
|---|---|---|---|
| 001 | 2384 | ||
| 003 | ES-MaACL | ||
| 005 | 20250807062541.0 | ||
| 008 | 950801d19221936sp | | 1 ||pa d | ||
| 022 | _a0214-5472 | ||
| 080 | _a61 | ||
| 245 | 0 | 3 | _aLa Voz médica. |
| 260 |
_aMadrid : _bLa Voz médica, _c1922-1936. |
||
| 300 |
_a4 v. : _bgrab ; _c62 y 47 cm. |
||
| 310 | _aBisemanal | ||
| 321 |
_aSemanal, _b1922-1932 |
||
| 362 | 0 | _aAño I (1922)-1936. | |
| 650 | 1 | 7 |
_aMedicina _2embne _914891 |
| 852 |
_aES-MaACL _jHEM-GF-5 _xOlim: Hem-556 |
||
| 866 | 0 | _o1925-26,(1933f.n.835y919)(1934f.n.955y1010y1018-1023)(1935f.n.1053y1101y1118y1127y1130y1131)(1936f.n.1158y1173y1175y1199). | |
| 999 |
_c2384 _d2384 |
||